| 000 | 00686nam a2200205Ia 4500 | ||
|---|---|---|---|
| 003 | GCL | ||
| 008 | 140319s9999 xx 000 0 ara d | ||
| 040 |
_aGCL / _cGCL |
||
| 082 | 0 | 4 |
_a808.8026 _bم ج |
| 100 | 1 | _aمصطفى عبدالله | |
| 245 | 1 | 0 |
_aجهاد فى الفن : _bحوارات مع يحيى حقى / _cمصطفى عبدالله |
| 250 | _aالاولى | ||
| 260 |
_aالقاهرة : _bالمجلس الاعلى للثقافة ، _c2005 |
||
| 300 |
_a221 ص ؛ _c23 سم |
||
| 650 | 0 | 4 | _aالادب العربى |
| 650 | 0 | 4 | _aالحوار الادبى |
| 650 | 0 | 4 | _aيحيى حقى |
| 650 | 0 | 4 | _aالقصة القصيرة - تاريخ ونقد |
| 942 |
_2ddc _cBK |
||
| 999 |
_c42481 _d42481 |
||